| 000 | 01018cam a22002531 4500 | ||
|---|---|---|---|
| 001 | ne 64002621 | ||
| 003 | DLC | ||
| 005 | 20260227111805.0 | ||
| 008 | 890925s1963 le 000 0 ara | ||
| 010 | _ane 64002621 | ||
| 035 | _a(OCoLC)20389904 | ||
| 040 |
_aDLC _cWaU _dWaU _dDLC |
||
| 042 | _apremarc | ||
| 050 | 0 | 0 |
_aPJ6101 _b.I185 1963 |
| 100 | 2 |
_aIbn Fāris al-Qazwīnī, Aḥmad, _dactive 10th century. |
|
| 245 | 1 | 3 |
_aal-Ṣāhibī fī fiqh al-lughah wa-sunan al-ʻArab fī kalāmihā. _c[Allafahu] Abū al-Ḥusayn Aḥmad ibn Fāris, ḥaqqaqahu wa-qaddama lahu Muṣṭafá al-Shuwīmī. |
| 260 |
_aBayrūt, _bMuʼassasat Badrān lil-Ṭabāʻah wa-al-Nashr, _c1963. |
||
| 300 |
_a385 p. _c25 cm. |
||
| 490 | 0 |
_aMaktabah al-lughawīyah al-ʻArabīyah, _v1 |
|
| 500 | _aAdded t. p.: Aṣ-Ṣāḥibī fī fiqh al-luġa, traité de grammaire Arabe [par] Ibn Faris. | ||
| 500 | _aEdite par Moustafa el-Chouémi. | ||
| 650 | 0 |
_aArabic language _xGrammar. |
|
| 740 | 0 | _aAṣ-Ṣāḥibī fī fiqh al-luġa. | |
| 999 |
_c47490 _d47490 |
||